000 00653nam a22001937a 4500
003 BUBTL
008 210819b xxu||||| |||| 00| 0 eng d
020 _a9789843487513
082 _a342.5492 / H139c
100 _94133
_aHalim, Md. Abdul
245 _a Constitution, constitutional law, and politics : Bangladesh perspective /
_ba comparative study of problems of constitutionalism in Bangladesh
_cMd. Abdul Halim
250 _a16th ed.
260 _aDhaka :
_bBeacon Publications,
_cc2021.
300 _a575 p. :
_c21 cm.
650 0 _926
_aLaw
856 _k0
_l0
_yDownload
942 _2ddc
_cBK
999 _c6516
_d6516